[Event "CRO-ch U15"]
[Site "Trogir"]
[Date "2020.08.26"]
[Round "4"]
[White "Loncaric, Domagoj"]
[Black "Vucenovic, Damian"]
[Result "0-1"]
[WhiteElo "1489"]
[BlackElo "1952"]
[PlyCount "56"]
[EventDate "2020.08.24"]
[EventType "swiss"]
[EventRounds "9"]
[EventCountry "CRO"]
[SourceTitle "CBM 198 Extra"]
[Source "ChessBase"]
[SourceDate "2020.11.30"]
[SourceVersion "1"]
[SourceVersionDate "2020.11.30"]
[SourceQuality "1"]

1. e4 e5 2. Nf3 Nc6 3. Bc4 Bc5 4. 0-0 Nf6 5. d3 d6 6. c3 Bb6 7. Nbd2 0-0 8. Re1 Ne7 9. Nf1 Ng6 10. Ng3 c6 11. Bb3 Be6 12. d4 Bg4 13. h3 Bxf3 14. Qxf3 exd4 15. Bg5 Ne5 16. Qd1 dxc3 17. bxc3 h6 18. Bxf6 Qxf6 19. Nf5 Rad8 20. Qd2 d5 21. Qc2 dxe4 22. Ng3 Qg6 23. Kh2 e3 24. Nf5 Kh8 25. Nxe3 Qg5 26. Qf5 Bxe3 27. Qxg5 Bxg5 28. g3 Nf3+ 0-1

[Event "CRO-ch U15"]
[Site "Trogir"]
[Date "2020.08.25"]
[Round "3"]
[White "Marovic, Luka"]
[Black "Loncaric, Domagoj"]
[Result "0-1"]
[WhiteElo "1166"]
[BlackElo "1489"]
[PlyCount "72"]
[EventDate "2020.08.24"]
[EventType "swiss"]
[EventRounds "9"]
[EventCountry "CRO"]
[SourceTitle "CBM 198 Extra"]
[Source "ChessBase"]
[SourceDate "2020.11.30"]
[SourceVersion "1"]
[SourceVersionDate "2020.11.30"]
[SourceQuality "1"]

1. e4 c5 2. Nf3 d6 3. d4 cxd4 4. Nxd4 Nf6 5. Nc3 g6 6. Be2 Bg7 7. 0-0 0-0 8. Be3 Nc6 9. Re1 d5 10. exd5 Nxd5 11. Nxd5 Qxd5 12. Nxc6 Qxc6 13. Rb1 Bf5 14. Bf3 Qc7 15. Re2 Rfd8 16. Qc1 Rac8 17. Bf4 e5 18. Bg3 Bxc2 19. Ra1 Bd3 20. Qxc7 Rxc7 21. Re3 f6 22. Rd1 Rcd7 23. h3 Bf5 24. Rxd7 Rxd7 25. Rb3 b6 26. Be2 Be6 27. Ra3 f5 28. Re3 e4 29. b3 Bd4 30. Bb5 Rd8 31. Re2 g5 32. Ba6 f4 33. Rxe4 fxg3 34. Rxe6 Bxf2+ 35. Kf1 Rd1+ 36. Ke2 Re1+ 0-1

[Event "CRO-ch Top 10 U16"]
[Site "Rijeka"]
[Date "2020.01.04"]
[Round "2"]
[White "Loncaric, Domagoj"]
[Black "Siraj, Svit"]
[Result "1/2-1/2"]
[WhiteElo "1441"]
[BlackElo "1675"]
[PlyCount "83"]
[EventDate "2020.01.04"]
[EventType "swiss"]
[EventRounds "6"]
[EventCountry "CRO"]
[SourceTitle "CBM 195 Extra"]
[Source "ChessBase"]
[SourceDate "2020.05.31"]
[SourceVersion "1"]
[SourceVersionDate "2020.05.31"]
[SourceQuality "1"]

1. e4 e5 2. Nf3 Nc6 3. Bc4 Bc5 4. 0-0 Nf6 5. d3 d6 6. Nbd2 Be6 7. c3 0-0 8. Re1 a5 9. Bb3 Ba7 10. Nf1 Ne7 11. Ng3 Ng6 12. h3 Qc8 13. Bxe6 Qxe6 14. d4 b5 15. d5 Qc8 16. Be3 Qa6 17. Bxa7 Qxa7 18. a4 Rfb8 19. Qc2 b4 20. Reb1 Rb7 21. Nd2 Rab8 22. b3 bxc3 23. Qxc3 Nf4 24. Kf1 h5 25. Rc1 Nd7 26. Nf5 Kf8 27. Rab1 Nc5 28. Ne3 Rb4 29. Qc2 Kg8 30. Rd1 R8b7 31. Rb2 Nxa4 32. bxa4 Rxb2 33. Qc6 g6 34. Nec4 Nd3 35. Ne3 Nc5 36. Qe8+ Kg7 37. Qe7 Qa6+ 38. Kg1 Qe2 39. Nf5+ gxf5 40. Qg5+ Kh7 41. Qxf5+ Kg8 42. Qg5+ 1/2-1/2